000 01844nam a2200277 i 4500
003 DO-SdBNP
005 20250827085535.0
007 ta
008 250827t2025 dr 000 0 spa d
020 _z9789945656428
040 _aDO-SdBNP
_bspa
_cBNPHU
_erda
041 _aspa
082 _axxxx
_bM553
_222
100 1 _aMercedes, Natanael
_d1973-
_eautor
_4aut.
_988485
245 1 0 _aPrincipios bíblicos eternos versus regulaciones bíblicas temporales /
_cNatanael Mercedes
264 1 _aSanto Domingo :
_bEditorial Santuario,
_c2025.
300 _a94 páginas
_c23 cm.
336 _atexto
_btxt
_2rdacontent
337 _asin mediación
_bn
_2rdamedia
338 _avolumen
_bnc
_2rdacarrier
500 _aIncluye datos biográficos del autor en la solapas.
520 _aEn un mundo lleno de diversas interpretaciones, doctrinas y aplicaciones de las Escrituras, es fundamental recordar que los principios bíblicos son superiores en jerarquía doctrinal a los capítulos y versículos que componen la Biblia. Aunque las Escrituras contienen instrucciones, leyes y ejemplos específicos —que fueron relevantes en sus respectivos contextos históricos—, los principios que subyacen a esas palabras son universales, eternos y reflejan el carácter inmutable de Dios. Este tema que abordaré, “Principios bíblicos eternos versus regulaciones bíblicas temporales”, pretende desafiar una lectura literalista de las Escrituras y enfatiza la necesidad de comprender los principios eternos de Dios que están detrás de las leyes o mandatos específicos mencionados en los versículos o capítulos. Estos principios no solo nos guían, sino que también deben ser considerados al momento de realizar una correcta interpretación de la palabra de Dios.
590 _aInventariado, 2025/ YL
910 _aYLockward
942 _2ddc
_cLBS1
999 _c59825
_d59825